000 00486cam a22001814a 4500
005 20250605163539.0
008 250528s ||||||||||||||||||||||||d
035 _a21508
040 _aGR-AtMCL
_bgre
_dGR-AtMCL
_eAACR2
245 1 _aΜΑΘΗΜΑΤΙΚΑ ΟΙΚΟΝΟΜΙΚΩΝ ΕΠΙΣΤΗΜΩΝ ΤΟΜΟΣ Β
250 _a1
260 _bΑ.Π.Θ,
_c1997
300 _a731
700 1 _aΛουκακης Μανωλης
942 _cBK
999 _c6570
_d6570